Las mujeres hablan claro en América Central /
Đã lưu trong:
| Tác giả chính: | |
|---|---|
| Định dạng: | Sách |
| Ngôn ngữ: | Spanish |
| Các nhãn: |
Thêm thẻ
Không có thẻ, Là người đầu tiên thẻ bản ghi này!
|
MARC
| LEADER | 00000nam a22000007a 4500 | ||
|---|---|---|---|
| 003 | cru CIDCACS/IIS | ||
| 005 | 20190227094138.0 | ||
| 007 | ta | ||
| 008 | 190222n1992 sp |||||r||||||0| ||spa|d | ||
| 999 | |c 42203 |d 42203 | ||
| 040 | |c cru CIDCACS/IIS | ||
| 100 | 1 | |9 8347 |a Núñez, Kyra | |
| 245 | 1 | 4 | |a Las mujeres hablan claro en América Central / |c Kyra Núñez |
| 300 | |a páginas 39-41: |b fotos | ||
| 773 | 0 | |0 42201 |9 2677 |a Alto Comisionado de las Naciones Unidas para los Refugiados (ACNUR) |d Madrid, España: AGNUR, |o 17732 |t Refugiados / | |
| 942 | |2 ddc |c PP | ||
